000 00431nam a2200169 a 4500
001 0000-8997
003 ELIB.Books
008 110520 1959
035 _a(ELIB.Books)0000-9146
082 _a248
_bMur
100 _aMurray Andrew
245 _aTriumph in the Inner Life
260 _bWestchester; Good news Publishers
_c1959
650 _aChristian Life
942 _2ddc
_cBK
998 _cbat
_e2011-05-20
999 _c8997
_d8997